000 00288nam a22001337a 4500
003 SGT
082 _a603
_bC10S
100 _aSHARMA, H.L
245 _aCHAUKHAMBHA AYURVEDA SABDKOSH
260 _aVARANASI
_bCHAUKHAMBHA
_c2010
300 _a339+103
650 _aDICTIONARY
942 _2ddc
_cBK
999 _c8524
_d8524